Statistiques concernant Personnage Manga lettre A

Cliquez ici pour prendre le quiz!

Statistiques générales

  • Ce quiz a été pris 180 fois
  • Le résultat moyen est 8 sur 16

Statistiques - réponses

Réponse% Correct
Ace
90%
All Might
84%
Akaza
79%
Aokiji
71%
Akainu
68%
Asuma
64%
Abra
60%
Aizawa
60%
Axel Blaze
55%
Asuna
54%
Absalom
49%
Amane Misa
24%
Aldini
14%
Armin Arlelt
14%
Apple
12%
Abdul Mohammed
5%

Distribution des résultats

Percentile par nombre de réponses

% des personnes avec chaque résultat

Votre développement - résultats

Vous n’avez pas pris ce quiz